[Event "First Saturday 2010 marcius GM"]
[Site "Budapest"]
[Date "2010.03.14"]
[Round "9"]
[White "Sharma, Dinesh K"]
[Black "Gonda, Laszlo"]
[Result "1/2-1/2"]
[WhiteElo "2361"]
[BlackElo "2482"]
[PlyCount "30"]
[EventDate "2010.03.06"]

1. d4 d5 2. c4 c6 3. Nf3 Nf6 4. e3 g6 5. Nc3 Bg7 6. Be2 O-O 7. h3 dxc4 8. Bxc4
c5 9. dxc5 Qxd1+ 10. Kxd1 Nbd7 11. Ke2 Nxc5 12. Rd1 Be6 13. Bxe6 Nxe6 14. Bd2
Rfd8 15. Be1 Kf8 1/2-1/2

[Event "First Saturday 2010 marcius GM"]
[Site "Budapest"]
[Date "2010.03.14"]
[Round "9"]
[White "Konnyu, Janos"]
[Black "Varga, Zoltan"]
[Result "1/2-1/2"]
[WhiteElo "2366"]
[BlackElo "2483"]
[PlyCount "111"]
[EventDate "2010.03.06"]

1. e4 Nf6 2. e5 Nd5 3. d4 c6 4. c4 Nc7 5. Nc3 d5 6. exd6 exd6 7. d5 Be7 8. Bd3
O-O 9. Nge2 cxd5 10. cxd5 b5 11. Bxb5 Nxb5 12. Nxb5 Qa5+ 13. Nbc3 Ba6 14. O-O
Bf6 15. Ne4 Nd7 16. Re1 Be5 17. N2c3 f5 18. Ng5 Nc5 19. Qh5 h6 20. Nf3 Nd3 21.
Bxh6 Nxe1 22. Rxe1 Qc7 23. Bd2 Rf6 24. Bg5 Bxc3 25. bxc3 Qf7 26. Qh4 Rg6 27.
Re7 Qxd5 28. Qh5 Qd1+ 29. Re1 Rxg5 30. Qxg5 Qd3 31. Qe7 Bc4 32. Ng5 Rf8 33. Ne6
Bxe6 34. Qxe6+ Kh7 35. Qb3 Qd2 36. Rd1 Qe2 37. Qd5 Rf6 38. h3 Qc2 39. Qb3 Qe2
40. Qb1 Qe5 41. Qd3 Rf7 42. Qf3 g6 43. Rd5 Qe6 44. c4 Rc7 45. Qf4 Rc6 46. Qh4+
Kg7 47. Rb5 Rc7 48. Rb8 Qxc4 49. Qxc4 Rxc4 50. Rb7+ Kf6 51. Rxa7 Rc1+ 52. Kh2
f4 53. g3 Rc2 54. Kg2 fxg3 55. Kxg3 d5 56. a4 1/2-1/2